|
|
|
|
| LEADER |
00000cam a2200000 7i4500 |
| 001 |
0000004124 |
| 005 |
20180330.0 |
| 020 |
0 |
0 |
|a 9780470825396
|
| 090 |
0 |
0 |
|a 381.088297
|b TEM 2011
|
| 245 |
0 |
0 |
|a Islamic branding and marketing :
|b creating a blobal islamic business
|c Paul, Temporal
|
| 260 |
0 |
0 |
|a Singapore :
|b John Wiley & Sons ,
|c 2011
|
| 300 |
|
|
|a xvii, 324 p. :
|b ill. ;
|c 24 cm.
|
| 504 |
0 |
0 |
|a Includes bibliographical and index
|
| 650 |
0 |
0 |
|a Consumer---Islamic countries
|
| 650 |
0 |
0 |
|a Marketing---Islamic countries
|
| 998 |
|
|
|a JPSM
|
| 999 |
|
|
|a 007986
|b Monograph
|c Open Shelf
|e Default branch
|